[Event "Opatija op 2nd"]
[Site "Opatija"]
[Date "2014.07.03"]
[Round "6"]
[White "Zamostni, Jan"]
[Black "Padjen, Zdenko"]
[Result "1/2-1/2"]
[WhiteElo "2262"]
[BlackElo "2011"]
[PlyCount "28"]
[EventDate "2014.06.29"]
[EventType "swiss"]
[EventRounds "9"]
[EventCountry "CRO"]
[SourceTitle "CBM 161 Extra"]
[Source "ChessBase"]
[SourceDate "2014.08.29"]
[SourceVersion "1"]
[SourceVersionDate "2014.08.29"]
[SourceQuality "1"]

1. e4 c5 2. Nf3 g6 3. h4 h5 4. d4 cxd4 5. Nxd4 Nf6 6. Nc3 Bg7 7. Bg5 Nc6 8. Nb3 a5 9. Bb5 0-0 10. Qe2 Nh7 11. Be3 Bxc3+ 12. bxc3 a4 13. Nd4 Qa5 14. Bd2 Nf6 1/2-1/2

[Event "Opatija op 2nd"]
[Site "Opatija"]
[Date "2014.07.01"]
[Round "3"]
[White "Vidic, Teja"]
[Black "Zamostni, Jan"]
[Result "1-0"]
[WhiteElo "1958"]
[BlackElo "2262"]
[PlyCount "55"]
[EventDate "2014.06.29"]
[EventType "swiss"]
[EventRounds "9"]
[EventCountry "CRO"]
[SourceTitle "CBM 161 Extra"]
[Source "ChessBase"]
[SourceDate "2014.08.29"]
[SourceVersion "1"]
[SourceVersionDate "2014.08.29"]
[SourceQuality "1"]

1. e4 e5 2. Nf3 Qe7 3. d4 d6 4. Bc4 Bg4 5. dxe5 dxe5 6. Nc3 c6 7. Bg5 f6 8. Be3 Nd7 9. Qe2 b5 10. Bb3 Nc5 11. 0-0 a5 12. Bxc5 Qxc5 13. a4 b4 14. Nd1 Bc8 15. Nd2 Ba6 16. Nc4 Ne7 17. Nde3 Nd5 18. exd5 cxd5 19. Qf3 Rd8 20. Nd2 Bxf1 21. Ndxf1 d4 22. Nd5 Rd7 23. Re1 Be7 24. Ng3 Kd8 25. Nxe7 Rxe7 26. Qa8+ Qc8 27. Qxa5+ Qc7 28. Qxb4 1-0

[Event "CRO-chT2 Center"]
[Site "Zagreb"]
[Date "2012.10.28"]
[Round "11.12"]
[White "Zamostni, Jan"]
[Black "Marangunic, Srdjan"]
[Result "1/2-1/2"]
[WhiteElo "2274"]
[BlackElo "2354"]
[PlyCount "56"]
[EventDate "2012.03.18"]
[EventType "team-swiss"]
[EventRounds "11"]
[EventCountry "CRO"]
[SourceTitle "EXT 2019"]
[Source "ChessBase"]
[SourceDate "2018.10.10"]
[SourceVersion "1"]
[SourceVersionDate "2018.10.10"]
[SourceQuality "1"]

1. e4 g6 2. d4 Bg7 3. Nc3 c6 4. Bc4 d5 5. exd5 cxd5 6. Nxd5 e6 7. Qe2 Kf8 8. Nc3 Nc6 9. Nf3 Nxd4 10. Nxd4 Bxd4 11. Nb5 Bf6 12. Bf4 Bd7 13. 0-0-0 Bg5 14. Qe5 Bxf4+ 15. Qxf4 Kg7 16. Nc7 Rc8 17. Bxe6 Nf6 18. Bxd7 Qxc7 19. Qxc7 Rxc7 20. Ba4 Rhc8 21. c3 a6 22. Rd4 Re7 23. Rhd1 Rc5 24. f3 b5 25. Bb3 a5 26. a3 g5 27. h4 h6 28. hxg5 hxg5 1/2-1/2

[Event "CRO-chT2 Center"]
[Site "Zagreb"]
[Date "2012.03.25"]
[Round "3.11"]
[White "Srbis, Jurica"]
[Black "Zamostni, Jan"]
[Result "1-0"]
[WhiteElo "2264"]
[BlackElo "2278"]
[PlyCount "105"]
[EventDate "2012.03.18"]
[EventType "team-swiss"]
[EventRounds "11"]
[EventCountry "CRO"]
[SourceTitle "EXT 2014"]
[Source "ChessBase"]
[SourceDate "2013.11.20"]
[SourceVersion "1"]
[SourceVersionDate "2013.11.20"]
[SourceQuality "1"]

1. e4 e5 2. Nf3 d6 3. d4 Nf6 4. Nc3 Nbd7 5. g3 g6 6. Bg2 Bg7 7. 0-0 0-0 8. h3 c6 9. a4 Re8 10. Re1 a5 11. Be3 Qe7 12. Nd2 exd4 13. Bxd4 c5 14. Be3 Nb6 15. Qe2 Be6 16. Qb5 Qd8 17. Red1 Nfd7 18. f4 Qc7 19. Bf2 h5 20. Qd3 c4 21. Qf3 f5 22. exf5 Bxf5 23. Nb5 Qb8 24. Nd4 Rf8 25. Nxf5 Rxf5 26. Qxb7 d5 27. Qxb8+ Rxb8 28. c3 Nf6 29. Nf1 Ne4 30. Ne3 Nxf2 31. Kxf2 Rff8 32. Nxd5 Kh7 33. Ne3 h4 34. Bc6 Rf6 35. Bb5 Rbf8 36. Ng2 hxg3+ 37. Kxg3 g5 38. Kf3 gxf4 39. Rg1 Rg6 40. Rad1 Rg3+ 41. Kf2 Rxh3 42. Rh1 Rxh1 43. Rxh1+ Kg6 44. Kf3 Kg5 45. Rh4 Be5 46. Rg4+ Kh5 47. Nxf4+ Kh6 48. Ke4 Bc7 49. Ne6 Rf7 50. Nxc7 Rxc7 51. Rg8 Re7+ 52. Kd4 Re2 53. Kc5 1-0

[Event "CRO-Cup 20th"]
[Site "Sibenik"]
[Date "2011.05.21"]
[Round "5.81"]
[White "Zamostni, Jan"]
[Black "Dabo Peranic, Robert"]
[Result "1/2-1/2"]
[WhiteElo "2255"]
[BlackElo "2308"]
[PlyCount "81"]
[EventDate "2011.05.18"]
[EventType "team-swiss"]
[EventRounds "6"]
[EventCountry "CRO"]
[SourceTitle "CBM 142 Extra"]
[Source "ChessBase"]
[SourceDate "2011.06.27"]
[SourceVersion "1"]
[SourceVersionDate "2011.06.27"]
[SourceQuality "1"]
[WhiteTeam "Samobor"]
[BlackTeam "Slavonski Brod"]
[WhiteTeamCountry "CRO"]
[BlackTeamCountry "CRO"]

1. e4 e5 2. Nf3 Nc6 3. Bb5 a6 4. Ba4 Nf6 5. 0-0 Be7 6. Re1 b5 7. Bb3 d6 8. c3 0-0 9. h3 Na5 10. Bc2 c5 11. d4 Qc7 12. Nbd2 Nc6 13. d5 Nd8 14. a4 Rb8 15. axb5 axb5 16. Nf1 Ne8 17. Ng3 g6 18. Bh6 Ng7 19. Nh2 f6 20. Be3 Nf7 21. f4 Bd7 22. f5 Ra8 23. Rb1 c4 24. Ng4 Qb7 25. fxg6 hxg6 26. Rf1 Nh8 27. h4 Be8 28. Rf2 Qd7 29. Qe2 f5 30. Nh6+ Kh7 31. exf5 Bxh4 32. Qg4 Bxg3 33. fxg6+ Nxg6 34. Bxg6+ Bxg6 35. Qxd7 Bxf2+ 36. Bxf2 Bxb1 37. Be3 Bg6 38. Qxd6 Ra1+ 39. Kh2 Rff1 40. Qxe5 Rh1+ 41. Kg3 1/2-1/2

[Event "CRO-Cup 20th"]
[Site "Sibenik"]
[Date "2011.05.19"]
[Round "2.101"]
[White "Frank, Vladimir"]
[Black "Zamostni, Jan"]
[Result "0-1"]
[WhiteElo "2127"]
[BlackElo "2255"]
[PlyCount "56"]
[EventDate "2011.05.18"]
[EventType "team-swiss"]
[EventRounds "6"]
[EventCountry "CRO"]
[SourceTitle "CBM 142 Extra"]
[Source "ChessBase"]
[SourceDate "2011.06.27"]
[SourceVersion "1"]
[SourceVersionDate "2011.06.27"]
[SourceQuality "1"]
[WhiteTeam "Krapina"]
[BlackTeam "Samobor"]
[WhiteTeamCountry "CRO"]
[BlackTeamCountry "CRO"]

1. Nf3 d6 2. d4 Nf6 3. c4 Bg4 4. Qb3 Nc6 5. d5 Bxf3 6. exf3 Nd4 7. Qc3 e5 8. Bd3 g6 9. f4 Bg7 10. fxe5 dxe5 11. 0-0 0-0 12. Bg5 Qd6 13. Nd2 Rae8 14. f4 e4 15. Qxd4 Ng4 16. Qxa7 exd3 17. Rae1 b6 18. h3 Bd4+ 19. Kh1 Nf2+ 20. Kh2 Re2 21. Nf3 Be3 22. Qa3 Bxf4+ 23. Kg1 Nxh3+ 24. gxh3 Be3+ 25. Kh1 Qg3 26. Rxe2 dxe2 27. Qd3 exf1Q+ 28. Qxf1 Bxg5 0-1

[Event "CRO-chT2 Center"]
[Site "Zagreb"]
[Date "2010.03.21"]
[Round "2.42"]
[White "Makaj, Marko"]
[Black "Zamostni, Jan"]
[Result "1-0"]
[WhiteElo "2337"]
[BlackElo "2255"]
[PlyCount "55"]
[EventDate "2010.03.21"]
[EventType "team-tourn"]
[EventRounds "11"]
[EventCountry "CRO"]
[SourceTitle "EXT 2012"]
[Source "ChessBase"]
[SourceDate "2011.11.24"]
[SourceVersion "1"]
[SourceVersionDate "2011.11.24"]
[SourceQuality "1"]

1. d4 Nf6 2. Bg5 d6 3. Bxf6 exf6 4. g3 c6 5. e3 h5 6. Bg2 h4 7. c4 Qb6 8. Qd2 f5 9. Ne2 Nd7 10. Qc2 Be7 11. Nd2 Nf6 12. a3 g5 13. Qc3 Be6 14. f3 d5 15. c5 Qc7 16. b4 Kd7 17. a4 a6 18. Kf2 Rh6 19. b5 h3 20. Bf1 Re8 21. Rb1 Bd8 22. bxa6 bxa6 23. Nc1 Qa5 24. Rb7+ Kc8 25. Qb2 f4 26. exf4 Nd7 27. Ra7 Nxc5 28. Bxa6+ 1-0

[Event "CRO-chT3"]
[Site "Zagreb"]
[Date "2009.04.26"]
[Round "6"]
[White "Zamostni, Jan"]
[Black "Stankovic, Andrej"]
[Result "1-0"]
[WhiteElo "2224"]
[BlackElo "2117"]
[PlyCount "65"]
[EventDate "2009.03.08"]
[EventType "team-tourn"]
[EventRounds "9"]
[EventCountry "CRO"]
[SourceTitle "EXT 2011"]
[Source "ChessBase"]
[SourceDate "2010.11.26"]
[SourceVersion "1"]
[SourceVersionDate "2010.11.26"]
[SourceQuality "1"]

1. e4 d5 2. exd5 Qxd5 3. Nc3 Qa5 4. Bc4 Nf6 5. d3 c6 6. Nge2 Nbd7 7. 0-0 e6 8. Ng3 Be7 9. Qe2 0-0 10. f4 Nd5 11. Nce4 N7f6 12. Kh1 Qc7 13. a4 Bd7 14. Bd2 b5 15. Bb3 a6 16. c4 bxc4 17. dxc4 Rfb8 18. cxd5 Rxb3 19. d6 Bxd6 20. Nxf6+ gxf6 21. Nh5 f5 22. Bc3 Rxc3 23. bxc3 Kf8 24. Rad1 Be7 25. Qd3 Ke8 26. Qd4 e5 27. Ng7+ Kd8 28. fxe5 Kc8 29. Nxf5 Bxf5 30. Rxf5 Bf8 31. Rxf7 Qxf7 32. Qd8+ Kb7 33. Rb1+ 1-0

[Event "CRO-chT3"]
[Site "Zagreb"]
[Date "2009.03.15"]
[Round "2"]
[White "Balenovic, Zvonimir"]
[Black "Zamostni, Jan"]
[Result "0-1"]
[WhiteElo "2236"]
[BlackElo "2224"]
[PlyCount "74"]
[EventDate "2009.03.08"]
[EventType "team-tourn"]
[EventRounds "9"]
[EventCountry "CRO"]
[SourceTitle "EXT 2011"]
[Source "ChessBase"]
[SourceDate "2010.11.26"]
[SourceVersion "1"]
[SourceVersionDate "2010.11.26"]
[SourceQuality "1"]

1. e4 c5 2. Nf3 d6 3. d4 cxd4 4. Nxd4 Nf6 5. Nc3 g6 6. Be3 Bg7 7. f3 Nc6 8. Qd2 0-0 9. Bc4 Bd7 10. Bb3 Na5 11. h4 Nxb3 12. axb3 h5 13. Bh6 e5 14. Bxg7 Kxg7 15. Nde2 Be6 16. 0-0-0 Qa5 17. Qxd6 Rfd8 18. Qa3 Qb6 19. Kb1 Qf2 20. Qa5 Rxd1+ 21. Rxd1 Qxg2 22. Qxe5 Qf2 23. Ng3 Kh7 24. Qxf6 Qxg3 25. Ne2 Qc7 26. Nd4 Rd8 27. Rd3 Re8 28. Rd1 Rd8 29. Rg1 Re8 30. f4 Bg4 31. e5 Qd7 32. c3 a5 33. Re1 a4 34. bxa4 Re6 35. Nxe6 Bxe6 36. Qg5 Bf5+ 37. Kc1 Qd3 0-1

[Event "CRO-chT"]
[Site "Rabac"]
[Date "2003.09.15"]
[Round "9"]
[White "Zamostni, Jan"]
[Black "Tratar, Marko"]
[Result "0-1"]
[WhiteElo "2228"]
[BlackElo "2455"]
[PlyCount "42"]
[EventDate "2003.09.07"]
[EventType "team"]
[EventRounds "9"]
[EventCountry "CRO"]
[SourceTitle "CBM 096 Extra"]
[Source "ChessBase"]
[SourceDate "2003.10.22"]
[SourceVersion "2"]
[SourceVersionDate "2003.10.20"]
[SourceQuality "1"]

1. e4 c5 2. Nf3 e6 3. d4 cxd4 4. Nxd4 a6 5. Nc3 d6 6. Be3 Nf6 7. g4 h5 8. gxh5 Rxh5 9. Bg2 Qc7 10. Qe2 Nc6 11. 0-0-0 Bd7 12. f4 Rc8 13. Bf3 Rh8 14. Kb1 Na5 15. Rhe1 b5 16. Bc1 b4 17. Nd5 exd5 18. exd5+ Kd8 19. Qxa6 Rh3 20. Be3 Rb8 21. Re2 Rxf3 0-1

[Event "CRO-chT"]
[Site "Rabac"]
[Date "2003.09.08"]
[Round "2"]
[White "Zamostni, Jan"]
[Black "Muse, Mladen"]
[Result "0-1"]
[WhiteElo "2228"]
[BlackElo "2453"]
[PlyCount "60"]
[EventDate "2003.09.07"]
[EventType "team"]
[EventRounds "9"]
[EventCountry "CRO"]
[SourceTitle "CBM 096 Extra"]
[Source "ChessBase"]
[SourceDate "2003.10.22"]
[SourceVersion "2"]
[SourceVersionDate "2003.10.20"]
[SourceQuality "1"]

1. e4 c5 2. Nf3 Nc6 3. Nc3 d6 4. d4 cxd4 5. Nxd4 Nf6 6. Bc4 e6 7. Be3 Bd7 8. f3 Rc8 9. Bb3 Na5 10. Qd3 a6 11. g4 Be7 12. g5 Nh5 13. Rg1 0-0 14. 0-0-0 b5 15. f4 Nxb3+ 16. axb3 b4 17. Nce2 Qa5 18. Kb1 g6 19. Rdf1 e5 20. fxe5 dxe5 21. Nf5 Bxf5 22. exf5 Bc5 23. fxg6 hxg6 24. Qd5 Qb5 25. c4 bxc3 26. Nxc3 Qb4 27. Rf3 Bxe3 28. Rxe3 Rfd8 29. Qxe5 Qxb3 30. Re2 Rxc3 0-1

[Event "Samobor"]
[Site "Samobor"]
[Date "1998.??.??"]
[Round "2"]
[White "Zamostni, Jan"]
[Black "Medic, Mirjana"]
[Result "1/2-1/2"]
[WhiteElo "2245"]
[BlackElo "2275"]
[PlyCount "93"]
[EventDate "1998.??.??"]
[EventType "tourn"]
[EventRounds "11"]
[EventCountry "CRO"]
[SourceTitle "EXT 2000"]
[Source "ChessBase"]
[SourceDate "1999.11.16"]
[SourceVersion "1"]
[SourceVersionDate "1999.11.16"]
[SourceQuality "1"]

1. e4 e6 2. Bb5 c6 3. Ba4 d5 4. e5 Bd7 5. c3 c5 6. Bxd7+ Nxd7 7. d4 Ne7 8. Ne2 Nc6 9. 0-0 a5 10. Nd2 a4 11. Nf3 cxd4 12. cxd4 h6 13. Nf4 Qb6 14. Be3 a3 15. b3 Nb4 16. Ne1 Nb8 17. Qg4 N8c6 18. Nxe6 fxe6 19. Qxe6+ Be7 20. Qg6+ Kd8 21. Qxg7 Kc7 22. Kh1 Rag8 23. Qf7 Kb8 24. f4 Ka8 25. f5 Bg5 26. Bg1 Qb5 27. Nf3 Nc2 28. Rad1 Be3 29. e6 Bxg1 30. Rxg1 Ne3 31. Rde1 Rf8 32. Qd7 Rd8 33. Qf7 Rhf8 34. Qh7 Ng4 35. Rgf1 Rh8 36. Qg7 Rhg8 37. Qc7 Qb4 38. e7 Rc8 39. Qd7 Rce8 40. Qxd5 Nxe7 41. Qf7 Rgf8 42. Qh5 Nf6 43. Qxh6 Nxf5 44. Rxe8+ Nxe8 45. Qd2 Qb5 46. Qc1 Ned6 47. Qxa3+ 1/2-1/2

[Event "Pula PCA op"]
[Site "Pula"]
[Date "1994.??.??"]
[Round "?"]
[White "Zamostni, Jan"]
[Black "Martic, Zlatko"]
[Result "0-1"]
[WhiteElo "2230"]
[BlackElo "2265"]
[PlyCount "70"]
[EventDate "1994.10.??"]
[EventType "swiss"]
[EventRounds "9"]
[EventCountry "CRO"]
[SourceTitle "EXT 1997"]
[Source "ChessBase"]
[SourceDate "1996.11.15"]
[SourceVersion "1"]
[SourceVersionDate "1996.11.15"]
[SourceQuality "1"]

1. e4 c5 2. Nf3 Nc6 3. Nc3 d6 4. d4 cxd4 5. Nxd4 Nf6 6. Bc4 Qb6 7. Ndb5 a6 8. Be3 Qa5 9. Nd4 Ne5 10. Nb3 Qc7 11. Bd3 e6 12. Qe2 Be7 13. a4 b6 14. 0-0 0-0 15. h3 Re8 16. f4 Nxd3 17. cxd3 e5 18. d4 exd4 19. Bxd4 Bb7 20. e5 Nd5 21. Rae1 Nxc3 22. Bxc3 Bd5 23. Nd4 Bf8 24. Qg4 dxe5 25. Rxe5 Rxe5 26. fxe5 Re8 27. Re1 b5 28. axb5 axb5 29. Nxb5 Qb6+ 30. Nd4 Re6 31. Qf4 Rg6 32. Re2 Bc5 33. Kh2 h6 34. Nf3 Qa6 35. Rd2 Qf1 0-1